How to read a profit and loss statement / (Record no. 83248)

MARC details
000 -LEADER
fixed length control field 00747nam a22002417a 4500
005 - DATE AND TIME OF LATEST TRANSACTION
control field 20140703112054.0
010 ## - LCCN (DPL NO)
LC control number ENG-109646
020 ## - INTERNATIONAL STANDARD BOOK NUMBER
Terms of availability 165.00
International Standard Book Number 9789351342991
020 ## - INTERNATIONAL STANDARD BOOK NUMBER
Terms of availability 165.00
International Standard Book Number 9351342999
035 ## - SYSTEM CONTROL NUMBER
System control number EN-93179
037 ## - SOURCE OF ACQUISITION
Source of stock number/acquisition DBAD/PUB
082 ## - DEWEY DECIMAL CLASSIFICATION NUMBER
Classification number 657
100 ## - MAIN ENTRY--PERSONAL NAME
Personal name Ramachandran, N.
245 ## - TITLE STATEMENT
Title How to read a profit and loss statement /
Statement of responsibility, etc by N. Ramachandran [and] Ram Kumar Kakani
250 ## - EDITION STATEMENT
Edition statement 2nd ed
260 ## - PUBLICATION, DISTRIBUTION, ETC. (IMPRINT)
Place of publication, distribution, etc New Delhi
Name of publisher, distributor, etc McGraw Hill Education
Date of publication, distribution, etc 2014
270 ## - ADDRESS
Address P-24, Green Park Extn.
City New Delhi
Postal code 110016
300 ## - PHYSICAL DESCRIPTION
Extent vi,108p.
Dimensions 23cm(pbk)
490 ## - SERIES STATEMENT
Series statement McGraw Hill professional-finance made easy series
500 ## - GENERAL NOTE
General note Includes index
700 ## - ADDED ENTRY--PERSONAL NAME
Personal name Kakani, Ram Kumar
942 ## - ADDED ENTRY ELEMENTS (KOHA)
Source of classification or shelving scheme Dewey Decimal Classification
Item type English Books
Call number suffix RAM
Classification part 657
Holdings
Withdrawn status Lost status Not for loan Collection code Home library Current library Date acquired Source of acquisition Cost, normal purchase price Full call number Barcode Copy number Cost, replacement price Koha item type
    Not For Loan Non-fiction D.B.Act.Division D.B.Act.Division 02/04/2014 DBAD/PUB 165.00 657 RAM EN-93179 1 165.00 English Books

© Delhi Public Library
Hit Counter
free hit counter